000 00260nam a22001217a 4500
008 170418b xxu||||| |||| 00| 0 eng d
041 _aeng
080 _23 ED
_a579
100 _a11
101 _aSHM
245 _aMICROBIOL;OGY
_cBAUMAN.R.W
942 _2udc
_cBK
999 _c11036
_d11036